[Event "RSA-ch U18"]
[Site "Gauteng"]
[Date "2017.04.10"]
[Round "9"]
[White "Hempe, Lilitha"]
[Black "Maartens, Alexander"]
[Result "1-0"]
[WhiteElo "1815"]
[BlackElo "1383"]
[PlyCount "48"]
[EventDate "2017.04.05"]
[EventType "swiss"]
[EventRounds "11"]
[EventCountry "RSA"]
[SourceTitle "CBM 177 Extra"]
[Source "ChessBase"]
[SourceDate "2017.04.27"]
[SourceVersion "1"]
[SourceVersionDate "2017.04.27"]
[SourceQuality "1"]

1. d4 Nf6 2. Nf3 e6 3. e3 c5 4. Bd3 Nc6 5. c3 Be7 6. 0-0 0-0 7. Re1 d5 8. Nbd2 b6 9. a3 Bb7 10. dxc5 Bxc5 11. e4 dxe4 12. Nxe4 Nxe4 13. Bxe4 Qxd1 14. Rxd1 Rad8 15. Bf4 f5 16. Bc2 h6 17. b4 Be7 18. Bb3 Kf7 19. Ne5+ Kf6 20. Nd7+ Kf7 21. Nxf8 Bxf8 22. Rxd8 Nxd8 23. Rd1 Be7 24. Rd7 Ke8 1-0

[Event "RSA-ch U18"]
[Site "Gauteng"]
[Date "2017.04.09"]
[Round "8"]
[White "Roos, Lucas"]
[Black "Hempe, Lilitha"]
[Result "1-0"]
[WhiteElo "1767"]
[BlackElo "1815"]
[PlyCount "31"]
[EventDate "2017.04.05"]
[EventType "swiss"]
[EventRounds "11"]
[EventCountry "RSA"]
[SourceTitle "CBM 177 Extra"]
[Source "ChessBase"]
[SourceDate "2017.04.27"]
[SourceVersion "1"]
[SourceVersionDate "2017.04.27"]
[SourceQuality "1"]

1. e4 e5 2. f4 Bc5 3. Nf3 d6 4. Bc4 Nf6 5. Nc3 0-0 6. d3 a6 7. Qe2 Nc6 8. Be3 Bxe3 9. Qxe3 exf4 10. Qxf4 Na5 11. Bb3 Nxb3 12. axb3 c5 13. 0-0 b5 14. Nxb5 Qb6 15. Nxd6 c4+ 16. d4 1-0

[Event "RSA-ch U18"]
[Site "Gauteng"]
[Date "2017.04.05"]
[Round "1"]
[White "Prinsloo, Marthinus Philippus"]
[Black "Hempe, Lilitha"]
[Result "0-1"]
[WhiteElo "1510"]
[BlackElo "1815"]
[PlyCount "64"]
[EventDate "2017.04.05"]
[EventType "swiss"]
[EventRounds "11"]
[EventCountry "RSA"]
[SourceTitle "CBM 177 Extra"]
[Source "ChessBase"]
[SourceDate "2017.04.27"]
[SourceVersion "1"]
[SourceVersionDate "2017.04.27"]
[SourceQuality "1"]

1. d4 Nf6 2. c4 Nc6 3. Nf3 e6 4. Nc3 Bb4 5. Qc2 d6 6. e4 Bxc3+ 7. bxc3 e5 8. Be2 0-0 9. 0-0 Bg4 10. Rd1 Qe7 11. dxe5 Nxe5 12. Nxe5 Qxe5 13. f3 Qc5+ 14. Kf1 Be6 15. Qb3 b6 16. Qb5 Nd7 17. Rd4 a6 18. Qb3 Qh5 19. Kg1 f5 20. Be3 f4 21. Bf2 Rf6 22. Bf1 Rg6 23. Qd1 Ne5 24. Kh1 Rf8 25. Bg1 Rh6 26. h3 g5 27. Qe2 Kh8 28. Kh2 Rg8 29. Rc1 Qg6 30. Rc2 g4 31. fxg4 Bxg4 32. Qf2 Bxh3 0-1

[Event "RSA-ch U18"]
[Site "Bloemfontein"]
[Date "2016.03.24"]
[Round "9"]
[White "Smith, David2222"]
[Black "Hempe, Lilitha"]
[Result "1-0"]
[WhiteElo "1632"]
[BlackElo "1518"]
[PlyCount "81"]
[EventDate "2016.03.20"]
[EventType "swiss"]
[EventRounds "11"]
[EventCountry "RSA"]
[SourceTitle "CBM 171 Extra"]
[Source "ChessBase"]
[SourceDate "2016.04.26"]
[SourceVersion "1"]
[SourceVersionDate "2016.04.26"]
[SourceQuality "1"]

1. e4 c5 2. Nf3 Nc6 3. b3 Nf6 4. e5 Ng4 5. Bb2 Qc7 6. Qe2 d6 7. exd6 Qxd6 8. h3 Nf6 9. d3 Bf5 10. g3 e6 11. Bg2 Be7 12. a3 Qc7 13. Nbd2 h5 14. Nc4 Rd8 15. 0-0 Nd4 16. Nxd4 cxd4 17. b4 0-0 18. Rfe1 b5 19. Na5 Nd5 20. Qd2 Bg6 21. Nb3 e5 22. Re2 h4 23. g4 Nf4 24. Ree1 f6 25. Bf1 Qc6 26. Qd1 Qd5 27. Bxd4 exd4 28. Rxe7 Rfe8 29. Rxe8+ Rxe8 30. Nd2 Re2 31. f3 Re8 32. Ne4 Rd8 33. Qd2 Ne6 34. Bg2 Bf7 35. f4 Qd7 36. Qf2 Qc7 37. Rf1 Nf8 38. f5 Bd5 39. Nc3 Bxg2 40. Qxg2 Qd6 41. Nb1 1-0

[Event "RSA-ch U18"]
[Site "Bloemfontein"]
[Date "2016.03.21"]
[Round "2"]
[White "Hempe, Lilitha"]
[Black "Samuel, Caleb"]
[Result "1-0"]
[WhiteElo "1518"]
[BlackElo "1757"]
[PlyCount "135"]
[EventDate "2016.03.20"]
[EventType "swiss"]
[EventRounds "11"]
[EventCountry "RSA"]
[SourceTitle "CBM 171 Extra"]
[Source "ChessBase"]
[SourceDate "2016.04.26"]
[SourceVersion "1"]
[SourceVersionDate "2016.04.26"]
[SourceQuality "1"]

1. d4 d5 2. c4 dxc4 3. e3 Nf6 4. Bxc4 e6 5. Nf3 a6 6. Nc3 b5 7. Bd3 Bb7 8. a3 c5 9. dxc5 Bxc5 10. 0-0 0-0 11. e4 Nbd7 12. Qe2 Qc7 13. Bg5 h6 14. Bh4 e5 15. Rac1 Qb6 16. Bxf6 Nxf6 17. Nxe5 Bd4 18. Nf3 Bxc3 19. Rxc3 Rae8 20. Qc2 Nxe4 21. Rc7 Nf6 22. Nh4 Nd5 23. Rd7 Rc8 24. Qd2 Nf6 25. Rd6 Rc6 26. Rxc6 Qxc6 27. Nf3 Qd5 28. Rd1 Kh8 29. h3 Ne4 30. Qc2 Rc8 31. Bxe4 Qxe4 32. Qxe4 Bxe4 33. Rd2 Bxf3 34. gxf3 Rc6 35. Rd3 Kh7 36. Kg2 Kg6 37. b4 Kf5 38. f4 Ke4 39. Re3+ Kd4 40. Re7 Rf6 41. Kg3 Kc3 42. h4 Kb2 43. Re3 h5 44. Kf3 g6 45. Kg3 Re6 46. Rd3 Kc2 47. f5 Rf6 48. Rf3 Kb2 49. fxg6 Rxg6+ 50. Kh3 Rc6 51. Rxf7 Kxa3 52. Rf5 Rh6 53. Rf4 Kb3 54. Kg3 Kc3 55. Kf3 Kd3 56. Rf5 Kd4 57. Kf4 Kc4 58. Kg5 Rc6 59. Rf4+ Kb3 60. Kxh5 a5 61. bxa5 Ra6 62. Kg5 Rxa5 63. h5 b4+ 64. Kg4 Ra1 65. h6 Kc3 66. h7 Rh1 67. Rf3+ Kc2 68. Rh3 1-0

[Event "RSA-chT U18"]
[Site "Cape Town"]
[Date "2016.01.05"]
[Round "3.1"]
[White "Hempe, Lilitha"]
[Black "Kolver, Chris"]
[Result "0-1"]
[WhiteElo "1543"]
[BlackElo "1958"]
[PlyCount "50"]
[EventDate "2016.01.04"]
[EventType "team-tourn"]
[EventRounds "7"]
[EventCountry "RSA"]
[SourceTitle "CBM 170 Extra"]
[Source "ChessBase"]
[SourceDate "2016.02.25"]
[SourceVersion "1"]
[SourceVersionDate "2016.02.25"]
[SourceQuality "1"]
[WhiteTeam "Nelson Mandela Bay"]
[BlackTeam "Tshwane"]
[WhiteTeamCountry "RSA"]
[BlackTeamCountry "RSA"]

1. d4 d5 2. c4 c6 3. cxd5 cxd5 4. Nc3 Nc6 5. f3 Nf6 6. e4 e6 7. e5 Nd7 8. f4 f5 9. Nf3 Be7 10. Be2 0-0 11. 0-0 a6 12. a4 Nb4 13. Kh1 Nb8 14. Rg1 Bd7 15. g4 Be8 16. gxf5 Rxf5 17. Bf1 Rh5 18. Ne2 Bh4 19. Ng3 Bxg3 20. Rxg3 Bg6 21. Ng5 Nc2 22. f5 Bxf5 23. Nxe6 Qe8 24. Qxc2 Bxc2 25. Rxg7+ Kh8 0-1